| 000 | 00476nam a2200193Ia 4500 | ||
|---|---|---|---|
| 001 | 37941 | ||
| 005 | 20240114001950.0 | ||
| 007 | ta | ||
| 008 | 070621s a g b000 u 465 u | ||
| 040 | _aCotton College,Assam | ||
| 041 | _a465 | ||
| 100 | _aFraser, GS . | ||
| 245 | 0 |
_aModern writer and his world / _cG S Fraser. _hTextual Documents |
|
| 300 | _bill ; | ||
| 653 | _aEnglish literature | ||
| 942 |
_2ddc _cBK |
||
| 999 |
_c37917 _d37917 |
||